000 00640cam a2200229 4500500
005 20260329003320.0
041 _afre
042 _adc
100 1 0 _aPortevin, Catherine
_eauthor
245 0 0 _aTopique du cancer
260 _c2015.
500 _a64
690 _aCancer
690 _aEmmanuel Carrère
690 _aÉtienne Rigal
690 _aFritz Zorn
690 _aMaladie
690 _aSanté
690 _aSusan Sontag
786 0 _nPhilosophie magazine | 90 | 6 | 2015-06-01 | p. 34-35 | 1951-1787
856 4 1 _uhttps://shs.cairn.info/magazine-philosophie-magazine-2015-6-page-34?lang=fr&redirect-ssocas=7080
999 _c1823461
_d1823461